Football club en fonction du président - Statistiques

Statistiques générales
  • Ce quiz a été pris 62 fois
  • Le résultat moyen est 11 sur 16
Statistiques - réponses
Par images Réponse % Correct
Olympique de Marseille
98%
Paris saint germain
98%
Real Madrid
98%
Barcelone
91%
Manchester City
91%
Ac milan
79%
Chelsea
77%
Bayern Munich
64%
Liverpool
62%
Porto
58%
Benfica
55%
Naples
55%
Atletico Madrid
49%
Tottenham
32%
Strasbourg
28%
Wrexham
25%
Aucun quiz correspondant
Distribution des résultats
% des personnes avec chaque résultat
Percentile par nombre de réponses
Votre historique - résultats
Vous n’avez pas pris ce quiz